00000000nas 2200000zi 4500
0019.871410
003CaOODSP
00520240619084851
006m     o  d f      
007cr |||||||||||
008190410d19881994oncux p o    f0###b0fre|d
040 |aCaOODSP|bfre|erda|cCaOODSP
043 |an-cn---
0861 |aC41-2F-PDF
24500|aRenseignements commerciaux.
264 1|a[Ottawa] : |bIndustrie, Sciences et Technologie Canada = Industry, Science and Technology Canada, |c1988-1994.
310 |aIrrégulière
336 |atexte|btxt|2rdacontent/fre
337 |ainformatique|bc|2rdamedia/fre
338 |aressource en ligne|bcr|2rdacarrier/fre
3621 |aParaît depuis no. 88015; ne paraît plus après no. 93170.
500 |aChaque livraison comporte un titre distinct.
500 |aPublié aussi en anglais sous le titre : Market intelligence.
500 |aÉdition numérisée de l'imprimé [par Innovation, Sciences et Développement économique Canada].
650 6|aProduits commerciaux|zCanada|vPériodiques.
655 7|aPériodiques|2rvmgf
7101 |aCanada. |bIndustrie, sciences et technologie Canada, |eorganisme de publication.
77508|tMarket intelligence.|w(CaOODSP)9.871408
78000|tAnalyse des importations.|w(CaOODSP)9.897954